Microeconomía : versión para América Latina /

Guardado en:
Autor Principal: Mankiw, N. Gregory, (autor.)
Otros Autores: García Álvarez, Consuelo, (traductor.), Sota Riva Echanove, Marcela de la, (revisor.)
Formato: eBook
Idioma:Spanish
Publicado: México D. F. : Cengage Learning, 2021.
Edición:Séptima edición.
Materias:
Acceso en línea:https://elibro.net/ereader/unsbiblio/190882
Etiquetas: Agregar Etiqueta
Sin Etiquetas, Sea el primero en etiquetar este registro!
LEADER 01580nam a2200373 i 4500
001 elibro.ELB190882
003 FINmELB
005 20230110121057.0
006 m o u
007 cr cn|||||||||
008 230105s2021 mx o 000 0 spa d
020 |a 9786075700168  |q Digital 
020 |z 9786075700144  |q impreso 
035 |a (OCoLC) 1363111651 
040 |a FINmELB  |b spa  |e rda  |c FINmELB 
050 4 |a HB172  |b .M365 2021 
080 |a 330.101.542 
082 0 4 |a 338.642  |2 23 
100 1 |a Mankiw, N. Gregory,  |e autor. 
245 1 0 |a Microeconomía :  |b versión para América Latina /  |c N. Gregory Mankiw ; traducción, Consuelo García Álvarez ; revisión técnica, Marcela de la Sota Riva Echanove [y otros 10]. 
250 |a Séptima edición. 
264 1 |a México D. F. :  |b Cengage Learning,  |c 2021. 
300 |a 1 recurso en línea (xvi, 437 páginas) 
336 |a texto  |b txt  |2 rdacontent/spa 
337 |a computadora  |b c  |2 rdamedia/spa 
338 |a recurso en línea  |b cr  |2 rdacarrier/spa 
588 |a Descripción basada en metadatos suministrados por el editor y otras fuentes. 
590 |a Recurso electrónico. Santa Fe, Arg.: elibro, 2023. Disponible vía World Wide Web. El acceso puede estar limitado para las bibliotecas afiliadas a elibro. 
650 4 |a Microeconomía  |z América Latina  |v Problemas, ejercicios, etc. 
655 4 |a Libros electrónicos. 
700 1 |a García Álvarez, Consuelo,  |e traductor. 
700 1 |a Sota Riva Echanove, Marcela de la,  |e revisor. 
797 2 |a elibro, Corp. 
856 4 0 |u https://elibro.net/ereader/unsbiblio/190882